[Event "TCh-RUS Women 2019"]
[Site "Sochi RUS"]
[Date "2019.05.02"]
[Round "2.1"]
[Board "2"]
[White "Dordzhieva, Dinara"]
[Black "Shuvalova, Polina"]
[Result "0-1"]
[WhiteTitle "WIM"]
[BlackTitle "WIM"]
[WhiteElo "2280"]
[BlackElo "2439"]
[WhiteTeam "Istra-a.lv (Moscow)"]
[BlackTeam "ShSM Legacy Square Capital (Moscow)"]
[WhiteFideId "24157570"]
[BlackFideId "24171760"]
[EventDate "2019.05.01"]

1. d4 Nf6 2. c4 e6 3. Nc3 Bb4 4. Qc2 O-O 5. Bg5 h6 6. Bh4 d6 7. Nf3 Nbd7 8. e3
b6 9. Bd3 Bb7 10. O-O Bxc3 11. Qxc3 Bxf3 12. gxf3 g5 13. Bg3 Nh5 14. Be2 f5 15.
f4 Ndf6 16. Bf3 Rc8 17. Qc2 c6 18. Rac1 Qd7 19. fxg5 hxg5 20. c5 Nxg3 21. hxg3
bxc5 22. dxc5 d5 23. b4 e5 24. Bg2 e4 25. b5 Ng4 26. Rfd1 Qh7 27. Qe2 Qh5 28.
bxc6 f4 29. exf4 gxf4 30. Rxd5 Qh2+ 31. Kf1 f3 32. Rg5+ Kh8 0-1

[Event "TCh-RUS Women 2019"]
[Site "Sochi RUS"]
[Date "2019.05.02"]
[Round "2.2"]
[Board "1"]
[White "Ambartsumova, Karina"]
[Black "Ushenina, Anna"]
[Result "1/2-1/2"]
[WhiteTitle "WGM"]
[BlackTitle "GM"]
[WhiteElo "2364"]
[BlackElo "2442"]
[WhiteTeam "Ladia (Republic of Tatarstan)"]
[BlackTeam "Yugra (KhMAO - Yugra)"]
[WhiteFideId "4166299"]
[BlackFideId "14110911"]
[EventDate "2019.05.01"]

1. Nf3 d5 2. c4 e6 3. g3 dxc4 4. Qa4+ Bd7 5. Qxc4 c5 6. Ne5 Nc6 7. Nxd7 Qxd7 8.
Bg2 Nf6 9. O-O Rc8 10. b3 Be7 11. Bb2 O-O 12. Qc1 Rfd8 13. d3 Nd4 14. Nc3 Nd5
15. Qd2 Nb4 16. Rfd1 b6 17. Rab1 h6 18. Ba1 Ndc2 19. Bb2 Nd4 20. Ba1 Ndc2 21.
Bb2 Nd4 1/2-1/2

[Event "TCh-RUS Women 2019"]
[Site "Sochi RUS"]
[Date "2019.05.03"]
[Round "3.1"]
[Board "1"]
[White "Ushenina, Anna"]
[Black "Kosteniuk, Alexandra"]
[Result "1-0"]
[WhiteTitle "GM"]
[BlackTitle "GM"]
[WhiteElo "2442"]
[BlackElo "2546"]
[WhiteTeam "Yugra (KhMAO - Yugra)"]
[BlackTeam "ShSM Legacy Square Capital (Moscow)"]
[WhiteFideId "14110911"]
[BlackFideId "4128125"]
[EventDate "2019.05.01"]

1. d4 Nf6 2. c4 e6 3. g3 d5 4. Bg2 Bb4+ 5. Nd2 O-O 6. Nf3 b6 7. O-O Bb7 8. a3
Be7 9. cxd5 exd5 10. b4 Qe8 11. Nh4 a5 12. bxa5 Rxa5 13. Nf5 Bd8 14. a4 Bc8 15.
Ne3 Be7 16. Nb1 Nc6 17. Nc3 Be6 18. Nb5 Qd7 19. Bd2 Rxb5 20. axb5 Nxd4 21. Qa4
Nxe2+ 22. Kh1 Ne4 23. Bxe4 dxe4 24. Bb4 Bg4 25. Nxg4 Qxg4 26. Ra3 e3 27. Rxe3
Bc5 28. Rb3 Re8 29. Qa3 Qh3 30. Qa1 Qe6 31. Qd1 Bd4 32. Rf3 g5 33. Qb3 Qd7 34.
Qd3 Re5 35. Re1 Qd5 36. Qb3 Qxb3 37. Rxb3 Bxf2 38. Rf1 Bd4 39. Bd2 Rd5 40. Re1
Re5 41. Rd3 Bf2 42. Rd8+ Kg7 43. Bc3 Bxe1 44. Bxe5+ f6 45. Bxc7 Nc3 46. Bxb6
Nxb5 47. Rd5 Na3 48. Bd4 Nc2 49. Rxg5+ Kf7 50. Rg4 h5 51. Re4 Ba5 52. Bb2 Ne1
53. Re3 Bd2 54. Ra3 Bg5 55. h4 Bh6 56. Rc3 Kg6 57. Kg1 Kf5 58. Kf1 Bd2 59. Rc5+
Kg4 60. Ke2 Nf3 61. Bxf6 Be1 62. Rc4+ Kxg3 63. Ra4 Kg2 64. Ra3 Bxh4 65. Rxf3 Bg3
66. Rf5 h4 67. Rg5 1-0

[Event "TCh-RUS Women 2019"]
[Site "Sochi RUS"]
[Date "2019.05.04"]
[Round "4.3"]
[Board "4"]
[White "Azimova, Karina"]
[Black "Bulatova, Kamaliya"]
[Result "1-0"]
[WhiteTitle "WFM"]
[BlackTitle "WFM"]
[WhiteElo "2072"]
[BlackElo "2103"]
[WhiteTeam "Bukavushki (Samara region)"]
[BlackTeam "Ladia (Republic of Tatarstan)"]
[WhiteFideId "4108310"]
[BlackFideId "34111546"]
[EventDate "2019.05.01"]

1. e4 e6 2. d4 d5 3. exd5 exd5 4. Nf3 Bd6 5. Bd3 Bg4 6. O-O Ne7 7. Re1 Qd7 8.
Nc3 Nc6 9. Nb5 O-O-O 10. Nxd6+ Qxd6 11. c3 h6 12. b4 Ng6 13. h3 Bd7 14. b5 Na5
15. Qa4 b6 16. Ba3 Qf4 17. Bxg6 fxg6 18. Ne5 Rhf8 19. Re2 Bxh3 20. Bxf8 Rxf8 21.
gxh3 Qg5+ 22. Kf1 Qh4 23. Ke1 Re8 24. Qc2 Qxh3 25. Kd2 Qh5 26. Qd3 Qg5+ 27. Kc2
Kb7 28. Rae1 Rf8 29. Qxg6 Qe7 30. Nc6 Qa3 31. Nxa5+ bxa5 32. Qa6+ 1-0

[Event "TCh-RUS Women 2019"]
[Site "Sochi RUS"]
[Date "2019.05.05"]
[Round "5.1"]
[Board "2"]
[White "Ovod, Evgenija"]
[Black "Shuvalova, Polina"]
[Result "1/2-1/2"]
[WhiteTitle "IM"]
[BlackTitle "WIM"]
[WhiteElo "2362"]
[BlackElo "2439"]
[WhiteTeam "SShOR (St. Petersburg)"]
[BlackTeam "ShSM Legacy Square Capital (Moscow)"]
[WhiteFideId "4131827"]
[BlackFideId "24171760"]
[EventDate "2019.05.01"]

1. e4 c6 2. d4 d5 3. e5 Bf5 4. h4 h5 5. Bd3 Bxd3 6. Qxd3 e6 7. Bg5 Be7 8. Nf3
Nh6 9. Nc3 Nf5 10. Ne2 Qa5+ 11. c3 c5 12. Bxe7 Nxe7 13. dxc5 Qxc5 14. Ned4 Nd7
15. O-O a6 16. Qe3 Nc6 17. Qg5 Qf8 18. b4 g6 19. b5 Nxd4 20. cxd4 Nb6 21. bxa6
Rxa6 22. Rfc1 Nc4 23. Qf6 Qh6 24. Ng5 O-O 25. Qe7 b6 26. Rc3 Qg7 27. Rf3 b5 28.
Rf6 Nd2 29. Qb4 Nc4 30. Qxb5 Ra7 31. a4 Rfa8 32. a5 Nd6 33. Qd3 Nf5 34. g3 Re8
35. a6 Qf8 36. Rb1 Ree7 37. Rb6 Qc8 38. Qb1 Kg7 39. Nxf7 Rxf7 40. Rfxe6 Kh7 41.
Rxg6 Rac7 42. Qd3 Rc1+ 43. Kg2 Qc2 44. Rh6+ Kg8 45. Rhg6+ Kh7 46. Rh6+ Kg8 47.
Rhg6+ Kh7 1/2-1/2

[Event "TCh-RUS Women 2019"]
[Site "Sochi RUS"]
[Date "2019.05.05"]
[Round "5.1"]
[Board "3"]
[White "Kovalevskaya, Ekaterina"]
[Black "Belenkaya, Dina"]
[Result "1/2-1/2"]
[WhiteTitle "IM"]
[BlackTitle "WGM"]
[WhiteElo "2413"]
[BlackElo "2315"]
[WhiteTeam "ShSM Legacy Square Capital (Moscow)"]
[BlackTeam "SShOR (St. Petersburg)"]
[WhiteFideId "4116704"]
[BlackFideId "24142654"]
[EventDate "2019.05.01"]

1. Nf3 d5 2. e3 Nf6 3. c4 dxc4 4. Bxc4 e6 5. O-O c5 6. d4 a6 7. b3 cxd4 8. Nxd4
Bd7 9. Bb2 Nc6 10. Nf3 Be7 11. Nbd2 O-O 12. Rc1 Rc8 13. Qe2 Qa5 14. Bd3 Qh5 15.
Nc4 Nb4 16. Bb1 Nbd5 17. h3 Bc6 18. e4 Nf4 19. Qe3 Ng6 20. Nce5 Bb5 21. Rxc8
Rxc8 22. Rc1 Rxc1+ 23. Qxc1 Nxe5 24. Nxe5 Bc6 25. Nxc6 bxc6 26. Bd3 Qa5 27. Qxc6
Qxa2 28. Qc2 Nd7 29. Qc3 Bf8 30. Bc2 Nc5 31. Bc1 a5 32. Be3 Qa3 33. Bd2 Qa2 34.
Be3 Qa3 35. Bd2 Qa2 36. g3 Na6 37. Kg2 Nb4 38. Bd1 Qb1 39. Bf3 Nd3 40. Qxa5 Qxb3
41. Be3 Qc2 42. Kg1 Qb1+ 43. Kh2 Qc2 44. Kg1 Qb1+ 45. Kh2 Qc2 46. Kg1 1/2-1/2

[Event "TCh-RUS Women 2019"]
[Site "Sochi RUS"]
[Date "2019.05.05"]
[Round "5.2"]
[Board "2"]
[White "Protopopova, Anastasiya"]
[Black "Pogonina, Natalija"]
[Result "0-1"]
[WhiteTitle "WFM"]
[BlackTitle "WGM"]
[WhiteElo "2249"]
[BlackElo "2453"]
[WhiteTeam "Moscow region (Moscow region"]
[BlackTeam "Yugra (KhMAO - Yugra)"]
[WhiteFideId "24172073"]
[BlackFideId "4147855"]
[EventDate "2019.05.01"]

1. e4 e5 2. Nf3 Nc6 3. Nc3 Nf6 4. a3 d6 5. d4 exd4 6. Nxd4 Bd7 7. Nde2 Be7 8. g3
Qc8 9. Nf4 O-O 10. Bg2 Re8 11. O-O Bf8 12. b3 Ne5 13. Bb2 Ng6 14. Nxg6 hxg6 15.
Re1 c5 16. Bc1 Bc6 17. Bf4 Qc7 18. Qd3 a6 19. Rad1 Rad8 20. a4 Qa5 21. Bd2 Qb6
22. Bg5 Be7 23. h3 Rc8 24. Qe3 Qc7 25. Nd5 Nxd5 26. exd5 Bxg5 27. Qxg5 Rxe1+ 28.
Rxe1 Re8 29. Re3 Bd7 30. Rxe8+ Bxe8 31. Bf1 f6 32. Qe3 Bf7 33. Qe4 Kf8 34. c4
Qe7 35. Qxe7+ Kxe7 36. f4 g5 37. f5 Kd7 38. Kf2 Kc7 39. Ke3 Kb6 40. Kd2 Ka5 41.
Kc3 Be8 42. Bd3 b5 43. axb5 axb5 44. Bc2 Bd7 45. g4 Be8 46. Bd3 bxc4 47. bxc4
Ka4 48. Be4 Ka3 49. Bc2 Ba4 50. Be4 Ka2 51. Bf3 Kb1 52. Be2 Kc1 53. Bf3 Bc2 54.
Bg2 g6 55. fxg6 Bxg6 56. Bf3 Bc2 57. Bg2 f5 58. Bh1 f4 59. Bf3 Bg6 60. Be2 Be4
61. Bf1 Kd1 62. h4 gxh4 63. g5 f3 0-1

[Event "TCh-RUS Women 2019"]
[Site "Sochi RUS"]
[Date "2019.05.07"]
[Round "6.1"]
[Board "1"]
[White "Ovod, Evgenija"]
[Black "Nasybullina, Alfia"]
[Result "1/2-1/2"]
[WhiteTitle "IM"]
[BlackTitle "WIM"]
[WhiteElo "2362"]
[BlackElo "2065"]
[WhiteTeam "SShOR (St. Petersburg)"]
[BlackTeam "South Ural (Chelyabinsk region)"]
[WhiteFideId "4131827"]
[BlackFideId "4132416"]
[EventDate "2019.05.01"]

1. e4 c6 2. d4 d5 3. e5 c5 4. dxc5 Nc6 5. f4 e6 6. Be3 Nge7 7. Nd2 g5 8. fxg5
Nf5 9. Bf2 Nxe5 10. g4 Ne7 11. Qe2 N7c6 12. h4 Qa5 13. Nf3 Nxf3+ 14. Qxf3 Bd7
15. c3 Bxc5 16. Nb3 Bxf2+ 17. Qxf2 Qc7 18. O-O-O O-O-O 19. Bg2 Kb8 20. Kb1 Ne5
21. Rd4 Bb5 22. Nc1 Rhf8 23. Re1 Nc6 24. Rf4 e5 25. Rf5 Ba6 26. Rd1 b6 27. Rxd5
Bc8 28. Rxd8 Nxd8 29. Rf6 Bxg4 30. Be4 Be6 31. Bxh7 Rh8 32. g6 fxg6 33. Bxg6 Qe7
34. Nd3 Bc8 35. Be4 Bb7 36. Bxb7 Qxb7 37. Qg3 Qe4 38. Qxe5+ Qxe5 39. Nxe5 Rxh4
40. Rd6 Kc8 41. Kc2 Re4 42. Nd3 Nb7 43. Rc6+ Kd7 44. Rh6 Re7 45. c4 Nd6 46. Kc3
Kc7 47. b4 Rd7 48. Re6 Nb7 49. Ne5 Rh7 50. Rc6+ Kb8 51. Rf6 Nd8 52. c5 bxc5 53.
bxc5 Rh1 54. Rg6 Rc1+ 55. Kd4 Rd1+ 56. Nd3 Rd2 57. a3 Ra2 58. Rg8 Kc7 59. Rg7+
Kc8 60. Kc4 Rxa3 61. Nb4 Ra1 62. Kb5 Rb1 63. Rxa7 Rxb4+ 64. Kxb4 Nc6+ 1/2-1/2

[Event "TCh-RUS Women 2019"]
[Site "Sochi RUS"]
[Date "2019.05.07"]
[Round "6.3"]
[Board "4"]
[White "Azimova, Karina"]
[Black "Geller, Anastasiya"]
[Result "0-1"]
[WhiteTitle "WFM"]
[BlackTitle "WFM"]
[WhiteElo "2072"]
[BlackElo "2187"]
[WhiteTeam "Bukavushki (Samara region)"]
[BlackTeam "Moscow region (Moscow region"]
[WhiteFideId "4108310"]
[BlackFideId "24119059"]
[EventDate "2019.05.01"]

1. e4 c5 2. Nf3 a6 3. Be2 e6 4. d4 cxd4 5. Nxd4 Nf6 6. Qd3 d5 7. exd5 Nxd5 8.
O-O Qc7 9. Bf3 Nb4 10. Qc3 Qxc3 11. Nxc3 Bc5 12. a3 N4c6 13. Nb3 Be7 14. Be3 Nd7
15. Rad1 Nde5 16. Be2 b5 17. Ne4 O-O 18. Nec5 f5 19. f4 Nc4 20. Bc1 e5 21. fxe5
N6xe5 22. Rd5 Bf6 23. Nd4 Nb6 24. Rxe5 Bxe5 25. c3 Bd6 26. Ndb3 Nc4 27. Bf3 Ra7
28. Bd5+ Kh8 29. Ne6 Bxe6 30. Bxe6 f4 31. Nd4 Re7 32. Bh3 Bc5 33. Kh1 Bxd4 34.
cxd4 Ne3 35. Rf3 Nf5 36. Bd2 Nxd4 37. Rd3 Nc2 38. Kg1 g5 39. Bc3+ Kg8 40. Rd2
Ne3 41. Bb4 Rc7 42. Be6+ Kg7 43. Bxf8+ Kxf8 44. h3 Ke7 45. Bb3 Rd7 46. Re2 Kf6
47. Kf2 h5 48. g3 Rd3 49. gxf4 gxf4 50. Ba2 Rd1 51. Kf3 Ke5 52. Rh2 Rf1+ 53. Ke2
Ke4 54. Bf7 f3+ 55. Kd2 h4 56. Bh5 Kf4 57. Kc3 f2 58. Be2 Kg3 0-1

[Event "TCh-RUS Women 2019"]
[Site "Sochi RUS"]
[Date "2019.05.08"]
[Round "7.1"]
[Board "2"]
[White "Ovod, Evgenija"]
[Black "Markelova, Lubov"]
[Result "1/2-1/2"]
[WhiteTitle "IM"]
[BlackTitle "WFM"]
[WhiteElo "2362"]
[BlackElo "2199"]
[WhiteTeam "SShOR (St. Petersburg)"]
[BlackTeam "Ladia (Republic of Tatarstan)"]
[WhiteFideId "4131827"]
[BlackFideId "24131369"]
[EventDate "2019.05.01"]

1. e4 e6 2. d4 d5 3. Nd2 c5 4. Ngf3 Nf6 5. exd5 exd5 6. Bb5+ Bd7 7. Bxd7+ Nbxd7
8. O-O Be7 9. dxc5 Nxc5 10. Nb3 Nce4 11. Nbd4 O-O 12. Nf5 Bc5 13. Be3 Re8 14.
Bxc5 Nxc5 15. c3 Qd7 16. N3d4 Ne6 17. Re1 Nxd4 18. Nxd4 Re4 19. f3 Rxe1+ 20.
Qxe1 Re8 21. Qd2 Re5 22. Re1 Qe7 23. Kf2 g6 24. g3 Nd7 25. Rxe5 Nxe5 26. Qe2 Kf8
27. f4 Nc4 28. Qxe7+ Kxe7 29. b3 Nd2 30. Ne2 h5 31. h3 Kd6 32. g4 hxg4 33. hxg4
Ne4+ 34. Kf3 a6 35. c4 Nf6 36. g5 Nd7 37. cxd5 Kxd5 38. Ke3 Nc5 39. Nc3+ Kd6 40.
b4 Ne6 41. Ke4 Nd8 42. a3 Ne6 43. Ne2 Nc7 44. Nc3 Nb5 45. Nxb5+ axb5 46. Kd4 b6
47. Ke4 Ke6 48. Ke3 f6 49. gxf6 Kxf6 50. Kf2 g5 51. Kf3 gxf4 52. Kxf4 Ke6 53.
Ke4 Kd6 1/2-1/2

[Event "TCh-RUS Women 2019"]
[Site "Sochi RUS"]
[Date "2019.05.08"]
[Round "7.2"]
[Board "2"]
[White "Trapeznikova, Darya"]
[Black "Pogonina, Natalija"]
[Result "0-1"]
[WhiteTitle "WFM"]
[BlackTitle "WGM"]
[WhiteElo "2090"]
[BlackElo "2453"]
[WhiteTeam "Bukavushki (Samara region)"]
[BlackTeam "Yugra (KhMAO - Yugra)"]
[WhiteFideId "24121118"]
[BlackFideId "4147855"]
[EventDate "2019.05.01"]

1. Nf3 d5 2. e3 Nf6 3. c4 e6 4. b3 b6 5. Bb2 Bb7 6. g3 dxc4 7. bxc4 Be7 8. Bg2
O-O 9. O-O c5 10. Qe2 Nc6 11. Rd1 Qc7 12. d4 cxd4 13. exd4 Na5 14. Nbd2 Rac8 15.
Rac1 Ba6 16. Bf1 Rfe8 17. Rc2 Qd7 18. Rdc1 Qa4 19. Ne5 Ba3 20. Bxa3 Qxa3 21. Ne4
Nxe4 22. Qxe4 Bb7 23. Qf4 f6 24. Nd3 Qa4 25. Ne1 e5 26. dxe5 Rxe5 27. Nd3 Qc6
28. f3 Re7 29. Bg2 Rd8 30. Nf2 Qc5 31. g4 Nc6 32. Bf1 Nd4 33. Rc3 Ne2+ 34. Bxe2
Rxe2 35. Qg3 Rxa2 36. R3c2 Rxc2 37. Rxc2 b5 38. Qf4 b4 39. Kg2 a5 40. Ne4 Bxe4
41. Qxe4 b3 42. Re2 Qe5 43. Qxe5 fxe5 44. Rxe5 Rb8 45. Re1 b2 46. Rb1 a4 0-1

[Event "TCh-RUS Women 2019"]
[Site "Sochi RUS"]
[Date "2019.05.08"]
[Round "7.2"]
[Board "3"]
[White "Girya, Olga"]
[Black "Chan, Naruna"]
[Result "1-0"]
[WhiteTitle "WGM"]
[WhiteElo "2449"]
[BlackElo "1985"]
[WhiteTeam "Yugra (KhMAO - Yugra)"]
[BlackTeam "Bukavushki (Samara region)"]
[WhiteFideId "4195752"]
[BlackFideId "24124290"]
[EventDate "2019.05.01"]

1. d4 d5 2. c4 e6 3. Nc3 Nf6 4. cxd5 exd5 5. Bg5 Be7 6. e3 O-O 7. Qc2 c6 8. Bd3
h6 9. Bf4 c5 10. dxc5 Bxc5 11. Nf3 Nc6 12. O-O Bg4 13. Ne5 Nb4 14. Qb1 Nxd3 15.
Qxd3 Be6 16. Rfd1 a6 17. h3 Qe7 18. Nf3 Rfd8 19. Nd4 Rd7 20. Rac1 Ba7 21. a3
Rdd8 22. Nde2 Rac8 23. Be5 Nd7 24. Bd4 Bb8 25. Nf4 Qd6 26. Nce2 Ne5 27. Bxe5
Qxe5 28. Nd4 Rxc1 29. Rxc1 Bc8 30. Rc3 Qe4 31. Qc2 Qxc2 32. Rxc2 Bd7 33. Nxd5
Ba4 34. Rc4 Be8 35. Nc3 Kf8 36. g3 Bd6 37. Ne4 g6 38. Nxd6 Rxd6 39. Rc7 Rd7 40.
Rc8 Ke7 41. Kg2 Rd8 42. Rxd8 Kxd8 43. Kf3 Ke7 44. Ke4 Kd6 45. Nb3 Bd7 46. h4 Be6
47. Nd2 Bd5+ 48. Kd4 b6 49. Nc4+ Kc6 50. Nxb6 1-0

[Event "TCh-RUS Women 2019"]
[Site "Sochi RUS"]
[Date "2019.05.08"]
[Round "7.4"]
[Board "2"]
[White "Nikitina, Elena"]
[Black "Kovalevskaya, Ekaterina"]
[Result "0-1"]
[WhiteTitle "WFM"]
[BlackTitle "IM"]
[WhiteElo "2037"]
[BlackElo "2413"]
[WhiteTeam "SK Tolpar (Republic of Bashkortostan)"]
[BlackTeam "ShSM Legacy Square Capital (Moscow)"]
[WhiteFideId "24110949"]
[BlackFideId "4116704"]
[EventDate "2019.05.01"]

1. d4 Nf6 2. Nf3 c5 3. e3 e6 4. Be2 d5 5. b3 Nc6 6. Bb2 cxd4 7. exd4 g6 8. Nbd2
Bg7 9. O-O O-O 10. c4 Qe7 11. Ne5 Rd8 12. Nxc6 bxc6 13. cxd5 Nxd5 14. Nf3 Bb7
15. Qc1 Rac8 16. Ba3 Nb4 17. Rd1 a5 18. Bxb4 axb4 19. Rb1 c5 20. Qe3 cxd4 21.
Qd2 e5 22. Bc4 e4 23. Re1 h6 24. Qf4 Rc5 25. Rbd1 Rf5 26. Qg3 Kh7 27. Bd3 Re8
28. Bb1 Qd7 29. Nd2 Rg5 30. Qh4 f5 31. Nc4 Qc7 32. Kf1 Ba6 33. Kg1 Bxc4 34. Rc1
Rh5 35. Rxc4 Qd6 36. Qg3 Be5 0-1

[Event "TCh-RUS Women 2019"]
[Site "Sochi RUS"]
[Date "2019.05.08"]
[Round "7.4"]
[Board "3"]
[White "Bivol, Alina"]
[Black "Absalyamova, Karina"]
[Result "1-0"]
[WhiteTitle "WGM"]
[WhiteElo "2393"]
[BlackElo "2014"]
[WhiteTeam "ShSM Legacy Square Capital (Moscow)"]
[BlackTeam "SK Tolpar (Republic of Bashkortostan)"]
[WhiteFideId "4100123"]
[BlackFideId "24111732"]
[EventDate "2019.05.01"]

1. e4 e6 2. d4 d5 3. Nd2 dxe4 4. Nxe4 Nd7 5. g3 Ngf6 6. Nxf6+ Nxf6 7. Bg2 Be7 8.
Nf3 O-O 9. O-O c5 10. dxc5 Bxc5 11. Qe2 Qb6 12. Ne5 h6 13. Rd1 Rd8 14. Rxd8+
Qxd8 15. c3 Qc7 16. Bf4 Nd5 17. Bxd5 exd5 18. Qb5 Be6 19. Nd3 Bd6 20. Bxd6 Qxd6
21. Qxb7 Re8 22. Re1 d4 23. Nf4 dxc3 24. bxc3 Qd2 25. Qb1 Qxc3 26. Nxe6 fxe6 27.
Qe4 Qd2 28. Re2 Qd7 29. h4 Qb5 30. Kh2 Kh8 31. a4 Qb6 32. Qc4 Rf8 33. Qa2 Rf6
34. Rb2 Qc5 35. Rc2 Qd5 36. Qb2 Rf8 37. Rc7 e5 38. f4 Qf3 39. fxe5 Qe3 40. Rc2
Qe4 41. Re2 Qxa4 42. e6 Qc6 43. e7 Re8 44. Qe5 Qd7 45. Qf4 a5 46. g4 Kg8 47.
Qc4+ Kh8 48. Qe4 Qd6+ 49. Kh3 Qf6 50. Kg3 a4 51. Qb4 Qf7 52. g5 Qg6 53. Qc5 h5
54. Re3 Qb1 55. Kf4 Qb8+ 56. Kf5 Qb1+ 57. Ke6 Kg8 58. Kd7 Qg6 59. Qd5+ Kh7 60.
Re6 Qc2 61. Rh6+ gxh6 62. Qf7+ Kh8 63. Qxe8+ Kh7 64. Qf7+ Kh8 1-0

[Event "TCh-RUS Women 2019"]
[Site "Sochi RUS"]
[Date "2019.05.08"]
[Round "7.4"]
[Board "4"]
[White "Baiburina, Kamilla"]
[Black "Voit, Daria"]
[Result "1/2-1/2"]
[BlackTitle "WGM"]
[WhiteElo "1788"]
[BlackElo "2340"]
[WhiteTeam "SK Tolpar (Republic of Bashkortostan)"]
[BlackTeam "ShSM Legacy Square Capital (Moscow)"]
[WhiteFideId "34109584"]
[BlackFideId "4182146"]
[EventDate "2019.05.01"]

1. e4 c6 2. Nf3 d5 3. d3 dxe4 4. Ng5 Nf6 5. Nc3 Bg4 6. Qd2 exd3 7. Bxd3 Nbd7 8.
Qf4 Qb8 9. O-O Qxf4 10. Bxf4 h6 11. Nge4 Nxe4 12. Nxe4 e5 13. Rfe1 Be6 14. Bd2
O-O-O 15. a3 f6 16. b4 c5 17. Nc3 Nb6 18. Be3 c4 19. Be2 f5 20. Rab1 Be7 21. a4
Kb8 22. Nb5 Nc8 23. Na3 Nd6 24. Bc5 c3 25. Nb5 b6 26. Nxc3 Nc8 27. Be3 Bf6 28.
a5 e4 29. Bf4+ Ka8 30. Nb5 Ba2 31. Nc7+ Kb8 32. Ne6+ Ka8 33. Nc7+ Kb8 34. Ne6+
Ka8 35. Nc7+ Kb8 36. Ne6+ 1/2-1/2

[Event "TCh-RUS Women 2019"]
[Site "Sochi RUS"]
[Date "2019.05.09"]
[Round "8.1"]
[Board "1"]
[White "Mukhina, Jana"]
[Black "Pogonina, Natalija"]
[Result "0-1"]
[WhiteTitle "WFM"]
[BlackTitle "WGM"]
[WhiteElo "2098"]
[BlackElo "2453"]
[WhiteTeam "South Ural (Chelyabinsk region)"]
[BlackTeam "Yugra (KhMAO - Yugra)"]
[WhiteFideId "34115428"]
[BlackFideId "4147855"]
[EventDate "2019.05.01"]

1. e4 e5 2. Nf3 Nc6 3. Bb5 a6 4. Ba4 Nf6 5. O-O Be7 6. d3 b5 7. Bb3 d6 8. a4 Bd7
9. c3 O-O 10. Re1 Na5 11. Bc2 c5 12. Nbd2 Nc6 13. Nf1 b4 14. Ne3 Re8 15. d4 bxc3
16. bxc3 cxd4 17. cxd4 exd4 18. Nxd4 Bf8 19. f3 d5 20. exd5 Nxd5 21. Nxc6 Bxc6
22. Qd3 Qh4 23. g3 Qh5 24. Qf5 Qxf5 25. Bxf5 Bb4 26. Re2 Nxe3 27. Bxe3 Rxe3 28.
Rxe3 Bc5 29. Kf2 Re8 30. Ra3 Rxe3 31. Rxe3 Bxa4 32. Ke2 Bxe3 33. Kxe3 Bc6 34. f4
h5 35. Bd3 a5 36. f5 Kf8 37. h4 Ke7 38. Be2 Bd7 39. Bxh5 a4 40. Kd4 Bxf5 41. Kc3
Bd7 42. Kb4 f5 0-1

[Event "TCh-RUS Women 2019"]
[Site "Sochi RUS"]
[Date "2019.05.09"]
[Round "8.1"]
[Board "2"]
[White "Girya, Olga"]
[Black "Mironenko, Galina"]
[Result "1-0"]
[WhiteTitle "WGM"]
[BlackTitle "WFM"]
[WhiteElo "2449"]
[BlackElo "1901"]
[WhiteTeam "Yugra (KhMAO - Yugra)"]
[BlackTeam "South Ural (Chelyabinsk region)"]
[WhiteFideId "4195752"]
[BlackFideId "34168785"]
[EventDate "2019.05.01"]

1. d4 Nf6 2. c4 e6 3. Nf3 b6 4. g3 Ba6 5. b3 Bb7 6. Bg2 Be7 7. O-O O-O 8. Bb2
Na6 9. Nc3 d5 10. cxd5 exd5 11. Rc1 Qc8 12. Ne5 Qe6 13. e3 Ne4 14. Ne2 Rfd8 15.
Nf4 Qd6 16. Qh5 g6 17. Qe2 Nb4 18. a3 Ba6 19. Qd1 Bxf1 20. Bxf1 f6 21. axb4 fxe5
22. dxe5 Qd7 23. f3 Bxb4 24. fxe4 Bc5 25. Nxd5 Qg7 26. Qf3 Rf8 27. Nf6+ Kh8 28.
Rc2 Rac8 29. e6 Be7 30. Rf2 c5 31. Nd5 Qxb2 32. Qxf8+ 1-0

[Event "TCh-RUS Women 2019"]
[Site "Sochi RUS"]
[Date "2019.05.09"]
[Round "8.2"]
[Board "1"]
[White "Bodnaruk, Anastasia"]
[Black "Grabuzova, Tatiana"]
[Result "1-0"]
[WhiteTitle "IM"]
[BlackTitle "WGM"]
[WhiteElo "2431"]
[BlackElo "2314"]
[WhiteTeam "SShOR (St. Petersburg)"]
[BlackTeam "Ekspromt (Moscow)"]
[WhiteFideId "4181751"]
[BlackFideId "4108752"]
[EventDate "2019.05.01"]

1. e4 e6 2. d4 d5 3. Nc3 Nf6 4. e5 Nfd7 5. f4 c5 6. Nf3 Be7 7. Be3 b6 8. Qd2 O-O
9. Be2 Nc6 10. O-O cxd4 11. Nxd4 Nxd4 12. Bxd4 Nb8 13. Nd1 Nc6 14. c3 f6 15.
exf6 Bxf6 16. Ne3 Nxd4 17. cxd4 b5 18. Ng4 Qb6 19. Nxf6+ Rxf6 20. Rac1 b4 21.
Rc5 Ba6 22. g3 Raf8 23. Rfc1 Bxe2 24. Qxe2 g5 25. fxg5 Rf2 26. Qxf2 Rxf2 27.
Kxf2 Kg7 28. Ke3 Qd8 29. h4 Qd6 30. Kf3 Qf8+ 31. Kg2 Qf5 32. Rc7+ Kg6 33. Rf1
Qe4+ 34. Kh3 Kh5 35. Rxh7+ Kg6 36. Rhf7 Kh5 37. R7f6 Qg4+ 38. Kh2 Qe2+ 39. R1f2 1-0